• 首页
  • 本馆介绍
  • 公告通知
  • 最新文献
  • 馆藏检索
  • 电子资源
  • 读者导购
  • 参考咨询
  • 我的图书馆
  • 登录
  • 详细信息显示
  • 放入我的书架
  • 预约/预借图书
  • 作者相关作品
  • 分类相关作品
  • 丛书相关作品
  • 出版社相关作品

书目信息

  • 表格格式
  • 工作单格式
  • 卡片格式
题名:
武官
    
 
作者: 瓦茨 著 ;陈乐福 译
分册:  
出版信息: 南京   江苏人民出版社  2021
页数: [20], 473页
开本: 24cm
丛书名:
单 册:
中图分类: D771.233 , D771.2
科图分类:
主题词: 武官--wu guan--官制--研究--美国
电子资源:
ISBN: 978-7-214-25333-0
000 00980nam0 2200265 450
001 2131000102
005 20211113083651.71
010    @a978-7-214-25333-0@b精装@dCNY78.00
100    @a20210202d2021 em y0chiy50 ea
101 1  @achi@ceng
102    @aCN@b320000
105    @ay a 000yy
200 1  @a武官@Awu guan@d= The military attache@f(美) 艾尔弗雷德·瓦茨著@g陈乐福译@zeng
210    @a南京@c江苏人民出版社@d2021
215    @a[20], 473页@d24cm
320    @a有书目 (第465-470页)
330    @a本书是迄今为止唯一一部系统介绍武官历史和武官工作的著作,记述了武官制度从萌芽到成熟的整个发展历程,探讨了武官在情报搜集、外交联络、战场观察、军备限制、军火贸易、联盟合作等领域的作用。
500 10 @aMilitary attache@mChinese
606 0  @a武官@Awu guan@x官制@x研究@y美国
690    @aD771.233@v5
690    @aD771.2@v4
701  1 @a瓦茨@Awa ci@g(Vagts, Alfred),@f1892-1986@4著
702  0 @a陈乐福@Achen le fu@4译
801  0 @aCN@bBP@c20210202
905    @aZUCC@dD771.2@e8
    
    武官= The military attache/(美) 艾尔弗雷德·瓦茨著/陈乐福译.-南京:江苏人民出版社,2021
    [20], 473页;24cm
    
    
    ISBN 978-7-214-25333-0(精装):CNY78.00
    本书是迄今为止唯一一部系统介绍武官历史和武官工作的著作,记述了武官制度从萌芽到成熟的整个发展历程,探讨了武官在情报搜集、外交联络、战场观察、军备限制、军火贸易、联盟合作等领域的作用。
●
相关链接 在五车中查询图书 在当当中查询图书 在豆瓣中查询图书


正题名:武官     索取号:D771.2/8         预约/预借

序号 登录号 条形码 馆藏地/架位号 状态 备注
1 2000881966   2000881966   第三书库/ [索取号:D771.2/8] 在馆    
2 2000881967   2000881967   第三书库/ [索取号:D771.2/8] 在馆    
3 2000881968   2000881968   第三书库/ [索取号:D771.2/8] 在馆    
山东省滨州职业学院图书馆 欢迎您!
大连网信软件有限公司© 版权所有